----vuoto---- (Record no. 108541)

MARC details
000 -LEADER
fixed length control field 00669cam a22002411p 4500
001 - CONTROL NUMBER
control field 3173333
003 - CONTROL NUMBER IDENTIFIER
control field IT-RoPau
005 - DATE AND TIME OF LATEST TRANSACTION
control field 20220918181311.0
008 - FIXED-LENGTH DATA ELEMENTS--GENERAL INFORMATION
fixed length control field 790511s1975 it 000 0 ita
010 ## - LIBRARY OF CONGRESS CONTROL NUMBER
LC control number 75547826
015 ## - NATIONAL BIBLIOGRAPHY NUMBER
National bibliography number It75-Sept
020 ## - INTERNATIONAL STANDARD BOOK NUMBER
Terms of availability L2500
040 ## - CATALOGING SOURCE
Original cataloging agency DLC
Transcribing agency DLC
Modifying agency DLC
050 00 - LIBRARY OF CONGRESS CALL NUMBER
Classification number BX1751.2
Item number .B337
100 1# - MAIN ENTRY--PERSONAL NAME
Personal name Bellegrandi, Franco.
9 (RLIN) 35187
245 13 - TITLE STATEMENT
Title Il portone di piombo /
Statement of responsibility, etc. Franco Bellegrandi.
260 ## - PUBLICATION, DISTRIBUTION, ETC. (IMPRINT)
Place of publication, distribution, etc. Milano :
Name of publisher, distributor, etc. SugarCo,
Date of publication, distribution, etc. [1975]
300 ## - PHYSICAL DESCRIPTION
Extent 196 p. ;
Dimensions 21 cm.
490 0# - SERIES STATEMENT
Series statement Fatti e misfatti ; 18
610 20 - SUBJECT ADDED ENTRY--CORPORATE NAME
Corporate name or jurisdiction name as entry element Catholic Church
General subdivision Doctrines.
9 (RLIN) 35188
906 ## - LOCAL DATA ELEMENT F, LDF (RLIN)
a 7
b cbc
c orignew
d u
e ncip
f 19
g y-gencatlg
942 ## - ADDED ENTRY ELEMENTS (KOHA)
Source of classification or shelving scheme Dewey Decimal Classification
Koha item type LIBRO
Holdings
Withdrawn status Lost status Source of classification or shelving scheme Damaged status Not for loan Home library Current library Date acquired Total Checkouts Date last seen Price effective from Koha item type
    Dewey Decimal Classification Buone Condizioni Not For Loan PAULUS-BIBLIOTECA PAULUS-BIBLIOTECA 11/04/2012   11/04/2012 11/04/2012 LIBRO
CREDITS: SOCIETA' SAN PAOLO Via A.Severo, 58 - ROMA (RM) & PERIODICI SAN PAOLO SRL Via Giotto, 36 MILANO & CISF Via Giotto, 36 MILANO & EDIZIONI SAN PAOLO SRL,  Piazza Soncino, 5 CINISELLO BALSAMO (MI) -- ITALY